âœ’đŸŽ¶ Paroles "Que serais-je sans toi" Aragon|Ferrat - Statistiques

Statistiques générales
  • Ce quiz a Ă©tĂ© pris 139 fois
  • Le rĂ©sultat moyen est 295 sur 330
Statistiques - réponses
Mots % Correct
Ă 
100%
a
100%
au
100%
c'
100%
J'
100%
j'
100%
je
100%
qu'
100%
Qu'
100%
Que
100%
que
100%
sa
100%
sans
100%
serais-
100%
toi
100%
un
100%
ce
99%
de
99%
m'
99%
ma
99%
n'
99%
N'
99%
qui
99%
Qui
99%
ai
97%
l'
97%
rencontre
97%
bois
96%
dormant
96%
la
96%
appris
95%
le
95%
les
93%
tout
93%
Et
92%
balbutiement.
91%
cet
89%
cƓur
89%
du
88%
est
88%
est-
88%
heure
88%
pas
88%
cadran
86%
comme
86%
Comme
86%
ĂȘtre
86%
montre
86%
on
86%
par
86%
ta
86%
cette
85%
dans
84%
me
84%
Tu
84%
vins
84%
homme
82%
plus
82%
pris
82%
arrĂȘtĂ©e
81%
as
81%
aux
81%
main
81%
ne
81%
il
80%
OĂč
80%
pour
80%
sait
80%
bonheur
78%
ciel
78%
heureux.
78%
bleu
76%
choses
76%
deux
76%
sur
76%
concerne
74%
enfer
74%
jour
74%
peut
74%
façon
73%
fait
73%
moderne
73%
yeux
73%
frisson.
72%
tristes
72%
amant
70%
boit
70%
existe
70%
fontaines
70%
jusqu'
70%
monde
70%
sens
70%
Une
70%
Ailleurs
69%
ailleurs
69%
humaines
69%
midi
69%
souvent
68%
parle
66%
étoiles
65%
lointaines
65%
chanson
62%
rĂȘve
62%
taverne
62%
vu
62%
chante
61%
Terre
61%
terre
61%
déconvenue
58%
dis
58%
quinquet
58%
vous
57%
doigts
55%
guitariste
55%
pourtant
54%
nues
53%
inconnues.
51%
lit
51%
reprend
51%
ses
50%
corde
49%
brisée
47%
désormais
47%
sanglot
47%
voici
47%
passant
45%
rades
31%
Aucun quiz correspondant
Distribution des résultats
% des personnes avec chaque résultat
Percentile par nombre de réponses
Votre historique - résultats
Vous n’avez pas pris ce quiz